Contratos administrativos : (Registro nro. 173388)
[ vista simple ]
| 000 -LEADER | |
|---|---|
| fixed length control field | 01359nam a22003731i 4500 |
| 001 - CONTROL NUMBER | |
| control field | bslw10110476 |
| 003 - CONTROL NUMBER IDENTIFIER | |
| control field | UtOrBLW |
| 006 - FIXED-LENGTH DATA ELEMENTS--ADDITIONAL MATERIAL CHARACTERISTICS--GENERAL INFORMATION | |
| fixed length control field | m o d |
| 007 - PHYSICAL DESCRIPTION FIXED FIELD--GENERAL INFORMATION | |
| fixed length control field | cr un ---uuuua |
| 008 - FIXED-LENGTH DATA ELEMENTS--GENERAL INFORMATION | |
| fixed length control field | 231214s2022 ck ob 001 0 spa d |
| 020 ## - INTERNATIONAL STANDARD BOOK NUMBER | |
| International Standard Book Number | 9789587915808 |
| 035 ## - | |
| -- | 42805 |
| 040 ## - CATALOGING SOURCE | |
| Original cataloging agency | UtOrBLW |
| Language of cataloging | eng |
| Description conventions | rda |
| Transcribing agency | UtOrBLW |
| 043 ## - | |
| -- | s-ck--- |
| 050 #4 - | |
| -- | KHH862 |
| -- | .G84 2022 |
| 082 04 - | |
| -- | 346.861023 |
| -- | 23 |
| 100 1# - MAIN ENTRY--PERSONAL NAME | |
| Personal name | Güechá Medina, Ciro Nolberto, |
| Relator term | author. |
| 245 10 - TITLE STATEMENT | |
| Title | Contratos administrativos : |
| Remainder of title | control de legalidad en el procedimiento administrativo de contratación / |
| Statement of responsibility, etc | Ciro Nolberto Güechá Medina Ph.D, Jessica Tatiana Güechá Torres Mg. Ph.D. |
| 250 ## - | |
| -- | Cuarta edición actualizada. |
| 264 #1 - | |
| -- | Bogota, D.C. : |
| -- | Grupo Editorial Ibáñez, |
| -- | [2022] |
| 300 ## - PHYSICAL DESCRIPTION | |
| Extent | 1 online resource (535 pages) |
| 336 ## - | |
| -- | text |
| -- | txt |
| -- | rdacontent |
| 337 ## - | |
| -- | computer |
| -- | c |
| -- | rdamedia |
| 338 ## - | |
| -- | online resource |
| -- | cr |
| -- | rdacarrier |
| 504 ## - BIBLIOGRAPHY, ETC. NOTE | |
| Bibliography, etc | Includes bibliographical references and index. |
| 650 #0 - SUBJECT ADDED ENTRY--TOPICAL TERM | |
| Topical term or geographic name as entry element | Public contracts |
| Geographic subdivision | Colombia. |
| 650 #0 - SUBJECT ADDED ENTRY--TOPICAL TERM | |
| Topical term or geographic name as entry element | Administrative law |
| Geographic subdivision | Colombia. |
| 700 1# - ADDED ENTRY--PERSONAL NAME | |
| Personal name | Güechá Torres, Jessica Tatiana, |
| Relator term | author. |
| 856 40 - LOCALIZACIÓN Y ACCESO ELECTRÓNICO | |
| Identificador Uniforme del Recurso (URI/URL) | https://app.vlex.com/#/sources/42805 |
| 912 ## - | |
| -- | 1993 |
| -- | 12/14/2023 |
| -- | 10110476 |
| -- | cha |
| -- | OE |
| -- | 000000-1 |
| -- | 1993 |
| -- | 12/19/2023 |
| 911 ## - | |
| -- | Vlex |
| -- | Original |
| 942 ## - | |
| -- | RAA |
| 999 ## - | |
| -- | 173388 |
| -- | 173388 |
No hay ítems disponibles.